Elementos de geometría

Gespeichert in:
Bibliographische Detailangaben
1. Verfasser: Euclides (VerfasserIn)
Format: Buch
Sprache:Spanisch
Veröffentlicht: Ciudad de México Universidad Nacional Autónoma de México 1956
Schriftenreihe:Bibliotheca Scriptorum Graecorum et Romanorum Mexicana
Schlagworte:
Tags: Tag hinzufügen
Keine Tags, Fügen Sie den ersten Tag hinzu!

MARC

LEADER 00000nam a2200000 a 4500
001 UCQ9438
003 CL-VaPUC
008 990112e19560000MX |||||||||||||||||spa|d
082 0 4 |a 516.2  |b EUC  |2 21 
100 0 |a Euclides  |e author  |9 335277 
245 1 0 |a Elementos de geometría 
300 |a 239 p 
942 |c BK 
945 |d 19990112 00:00:00  |a crobeson 
260 |a Ciudad de México  |b Universidad Nacional Autónoma de México  |c 1956 
650 0 |a Geometría   |9 264063 
650 7 |a GEOMETRIA EUCLIDEA  |2 CL-VaPUC  |9 359752 
650 7 |a GEOMETRIA CLASICA  |2 CL-VaPUC  |9 422284 
583 |a last modification  |c 19990112 00:00:00  |k Rodrigo Vera 
490 0 |a Bibliotheca Scriptorum Graecorum et Romanorum Mexicana 
999 |c 278445  |d 278443 
952 |0 0  |1 0  |4 0  |6 516_200000000000000_EUC_1956  |7 0  |8 A  |9 316991  |a BIBMAT  |b BIBMAT  |d 2019-11-20  |i 1314440  |o 516.2 EUC 1956  |p 1314440  |r 2025-01-07  |w 2019-11-20  |y BK  |k MAT